000
00319nam a2200133Ia 4500
005
20251222140108.0
008
251222s1900||||xx |||||||||||||| ||spa||
020
_a
8805054453
082
_a
178/G28
100
_a
Gatti, Guido
245
0
_a
Solidarietà o Mercato?
264
_b
Società Ed. Internazionale
942
_c
LIB
999
_c
4215
_d
4215